000 00952nam a2200301 i 4500
003 EG-GICUC
005 20260416134908.0
008 260416b1987 fr|||||fr|||| 00| 0 fre d
040 _aEG-GiCUC
_bfre
_cEG-GiCUC
_dEG-GiCUC
_eRda
041 0 _afre
082 0 4 _221
_a343.5
_bPJ . P
092 0 4 _221
099 _aLaw1 10 343.5 PJ . P 4_ ed 1987
100 1 _aPradel . Jean
_eAuteur
245 1 0 _aDroit Penal .
_nTome 2 ,
_pProcedure Penale /
_c Jean Pradel.
250 _aQuatrième édition .
_bRevue Et Augmentee
264 1 _aParis :
_bÉditions Cujas,
_c1987.
300 _a878 page ;
_c 24 cm.
336 _2rda contenu
_a texte
337 _2rda medias
_aOrdinateur
338 _2 transporteur rda
_a Ressource en ligne
546 _aTexte en français
650 1 _aDroit pénal international
_2qrmak
651 1 _2qrmak
856 4 0 _uhttps://fll.law.cu.edu.eg/fulltext/bks/B10-09539.pdf
905 _a165
942 _2ddc
_cBK
_e21
_n0
999 _c71472
_d71472